000
00251nam a22000977a 4500
020
_a
0669393487
050
_a
QA 303 .L328 1994
100
_a
ROLAND E LARSON
245
_a
CALCULUS OF A SINGLE VARIABLE
_b
EARLY TRANSCENDENTAL FUNCTIONS
942
_2
lcc
_c
GEN
999
_c
11998
_d
11998